Top 25 des meilleurs scoreurs NBA au Play-In Tournament - Statistiques

Statistiques générales
  • Ce quiz a été pris 25 fois
    13 depuis la dernière actualisation
  • Le résultat moyen est 11 sur 25
Statistiques - réponses
Equipe(s) Moyenne de points Réponse % Correct
Boston 50 Jayson Tatum
100%
Nouvelle-Orleans 40 Zion Williamson
77%
Golden State 33,3 Stephen Curry
69%
Portland 41 Deni Avdija
62%
Atlanta 27,7 Trae Young
62%
Los Angeles Lakers / Dallas 27,2 Anthony Davis
54%
Portland 31 Damian Lillard
54%
Memphis 26 Ja Morant
54%
Los Angeles Lakers 25 Lebron James
54%
Miami 25,4 Tyler Herro
54%
Cleveland / Los Angeles Clippers 25,3 Darius Garland
46%
Sacramento 29,5 De'Aaron Fox
46%
Chicago / Sacramento 24,3 Demar Derozan
46%
Oklahoma City 27 Shai Gilgeous-Alexander
46%
Philadelphie 25 Tyrese Maxey
46%
Chicago / Sacramento 24,7 Zach Lavine
46%
Phoenix 35 Jalen Green
38%
Miami 23,7 Jimmy Butler
38%
Brooklyn 25 Kevin Durant
38%
Los Angeles Clippers / Philadelphie 25 Paul George
38%
Toronto 32 Pascal Siakam
31%
Nouvelle-Orleans 24,4 Brandon Ingram
23%
Toronto 26,8 Fred Van Vleet
8%
Orlando 26 Cole Anthony
0%
Boston 29 Kemba Walker
0%
Aucun quiz correspondant
Distribution des résultats
% des personnes avec chaque résultat
Percentile par nombre de réponses
Votre historique - résultats
Vous n’avez pas pris ce quiz depuis la dernière actualisation